00662nam a22001697a 4500003000900000008004100009040007100050082002000121100001600141245002300157260004400180300004400224505015500268650002500423650002100448650002300469AR-CdUCM190313b ||||| |||| 00| 0 spa d aMUNICIPALIDAD PROVINCIAL DEL CUSCOcBIBLIOTECA MUNICIPAL DEL CUSCO a869.5601 /bN56 aNieto, Luis aDe cuerpo entero / aLima :bMunicipalidad del Cusco,c1997. a349 páginas ;c21 cm.bFotografías, aContenido : Luis Nieto: El poeta de cuerpo entero -- Una explicación necesaria -- Los poemas perversos -- Canto y blasfemia -- Cielo de ausencia ... aPoesía Cusqueña  aPoesía peruana aLiteratura peruana